| 000 | 00362cam a2200145ua 4500 | ||
|---|---|---|---|
| 003 | OSt | ||
| 008 | 250104b |||||||| |||| 00| 0 eng d | ||
| 041 | _aeng | ||
| 082 |
_a621.3745 _bPER/EL |
||
| 100 |
_aPerrigon, A E B . _96746 |
||
| 245 | _aElectricity supply meters / | ||
| 260 |
_aLondon : _bChapman and Hall Ltd , _c1947. |
||
| 300 | _a355 ; . | ||
| 942 | _cBK | ||
| 999 |
_c9360 _d9360 |
||